[Event "National Capital op"]
[White "Gelblum, Robert"]
[Black "Cova, Ramon"]
[Site "Ottawa"]
[Round "2"]
[Result "1-0"]
[Date "2015.10.23"]
[WhiteElo "2261"]
[BlackElo "2088"]
[PlyCount "97"]
[EventDate "2015.10.23"]
[EventType "swiss"]
[EventRounds "5"]
[EventCountry "CAN"]
[SourceTitle "EXT 2019"]
[Source "ChessBase"]
[SourceDate "2018.10.10"]
[SourceVersion "1"]
[SourceVersionDate "2018.10.10"]
[SourceQuality "1"]

1. Nf3 Nf6 2. c4 c5 3. Nc3 Nc6 4. g3 g6 5. Bg2 Bg7 6. 0-0 0-0 7. d4 cxd4 8. Nxd4 Qb6 9. Nc2 d6 10. Rb1 Be6 11. Ne3 Nd7 12. Ned5 Qa5 13. a3 Rfc8 14. Bd2 Qd8 15. b3 Rab8 16. Be3 a6 17. a4 Nf6 18. Bb6 Qd7 19. Qd2 Bh3 20. e4 Bxg2 21. Kxg2 Kf8 22. h3 Ne5 23. f4 Nc6 24. Rbe1 Qe8 25. Re2 Nd7 26. Be3 Qd8 27. Bg1 Qa5 28. Rc1 Nc5 29. Rb1 Qd8 30. g4 Ne6 31. Bb6 Qe8 32. Rf1 Ned4 33. Ref2 Nxb3 34. Qd1 Nc5 35. Qd2 e6 36. Ne3 Qe7 37. f5 gxf5 38. exf5 f6 39. Re1 e5 40. Ned5 Qd7 41. h4 h6 42. Rh1 Nd4 43. g5 Nxf5 44. gxf6 Bxf6 45. Nxf6 Qg7+ 46. Kf1 Qxf6 47. Nd5 Ng3+ 48. Kg2 Qxf2+ 49. Qxf2+ 1-0

[Event "RA Fall op"]
[White "Gelblum, Robert"]
[Black "Brown, Gabriel"]
[Site "Ottawa"]
[Round "3"]
[Result "1/2-1/2"]
[Date "2015.09.19"]
[WhiteElo "2251"]
[BlackElo "1983"]
[PlyCount "121"]
[EventDate "2015.09.18"]
[EventType "swiss"]
[EventRounds "5"]
[EventCountry "CAN"]
[SourceTitle "EXT 2019"]
[Source "ChessBase"]
[SourceDate "2018.10.10"]
[SourceVersion "1"]
[SourceVersionDate "2018.10.10"]
[SourceQuality "1"]

1. e4 c5 2. Nf3 d6 3. d4 cxd4 4. Nxd4 Nf6 5. Nc3 a6 6. Bc4 e5 7. Nde2 Qc7 8. Bb3 Be7 9. 0-0 0-0 10. Nd5 Nxd5 11. Bxd5 Kh8 12. Be3 Bd7 13. Nc3 Bc6 14. a4 Nd7 15. a5 Nf6 16. h3 Bxd5 17. Nxd5 Nxd5 18. Qxd5 Rac8 19. c3 Qc6 20. Rfd1 f5 21. exf5 Qxd5 22. Rxd5 Rxf5 23. Ra4 Kg8 24. Rb4 Rc7 25. Bb6 Rc8 26. Ba7 Rc7 27. Bb8 Rd7 28. Rc4 Rf8 29. Ba7 Kf7 30. Rg4 h5 31. Rg3 Ke6 32. c4 Bh4 33. Rf3 Rxf3 34. gxf3 Bd8 35. Be3 Rc7 36. b3 Rc6 37. Kf1 b5 38. axb6 Bxb6 39. Ke2 Bxe3 40. fxe3 Rc5 41. e4 g5 42. Kd3 Rxd5+ 43. exd5+ Kf5 44. b4 Kf4 45. b5 axb5 46. cxb5 Kxf3 47. b6 e4+ 48. Kd4 e3 49. b7 e2 50. b8Q e1Q 51. Qxd6 Qd2+ 52. Kc4 Kg2 53. Qe6 Qf4+ 54. Kb5 Qf1+ 55. Kb6 Qb1+ 56. Kc6 Qc2+ 57. Kb7 Qb3+ 58. Kc6 Qa4+ 59. Kb6 Qb4+ 60. Kc6 Qa4+ 61. Kb6 1/2-1/2

[Event "Outaouais op (TORO)"]
[White "Cova, Ramon"]
[Black "Gelblum, Robert"]
[Site "Gatineau"]
[Round "3"]
[Result "1-0"]
[Date "2015.06.06"]
[WhiteElo "2093"]
[BlackElo "2288"]
[PlyCount "147"]
[EventDate "2015.06.05"]
[EventType "swiss"]
[EventRounds "5"]
[EventCountry "CAN"]
[SourceTitle "EXT 2019"]
[Source "ChessBase"]
[SourceDate "2018.10.10"]
[SourceVersion "1"]
[SourceVersionDate "2018.10.10"]
[SourceQuality "1"]

1. e4 c5 2. Nc3 e6 3. f4 d5 4. d3 Nc6 5. Nf3 Nf6 6. Qe2 Be7 7. g3 0-0 8. Bg2 b5 9. 0-0 b4 10. Na4 Qa5 11. b3 dxe4 12. Ne5 Nd4 13. Qf2 Bb7 14. Re1 Nf3+ 15. Nxf3 exf3 16. Bxf3 Bxf3 17. Qxf3 Nd5 18. Bb2 Nc3 19. Nxc3 bxc3 20. Bc1 Bf6 21. Re4 Bd4+ 22. Be3 Qb6 23. Bf2 Rad8 24. Rae1 g6 25. Kg2 Rd6 26. R4e2 Qb4 27. a4 Kg7 28. Re4 Rd5 29. Bxd4+ cxd4 30. Re5 Rfd8 31. h4 h5 32. g4 hxg4 33. Qxg4 Rxe5 34. Rxe5 Qb7+ 35. Qf3 Qe7 36. h5 f6 37. Rb5 Rd7 38. hxg6 Qe8 39. Qh5 Qxg6+ 40. Qxg6+ Kxg6 41. a5 Rd6 42. Kf3 f5 43. Rc5 Kf6 44. b4 a6 45. Rc7 e5 46. Rc5 exf4 47. Kxf4 Ke7 48. Rxf5 Rh6 49. Ke4 Rh4+ 50. Kd5 Rh2 51. Kxd4 Rxc2 52. Rc5 Kd6 53. Rxc3 Rb2 54. Rc4 Rb3 55. Ke4 Rb1 56. Ke3 Rb2 57. Rh4 Kc6 58. Rh6+ Kd5 59. Rxa6 Rxb4 60. Rb6 Ra4 61. Rh6 Ra3 62. Rh5+ Kc6 63. Ke4 Kb7 64. Rc5 Ka6 65. d4 Ra1 66. d5 Re1+ 67. Kd4 Rd1+ 68. Ke5 Re1+ 69. Kd6 Rh1 70. Kc6 Rh6+ 71. d6 Rg6 72. Kc7 Rg7+ 73. d7 Rh7 74. Kc8 1-0

[Event "Gatineau op-A"]
[White "Kellar, Ben"]
[Black "Gelblum, Robert"]
[Site "Gatineau"]
[Round "1"]
[Result "0-1"]
[Date "2015.03.??"]
[WhiteElo "1977"]
[BlackElo "2259"]
[PlyCount "46"]
[EventDate "2015.03.07"]
[EventType "swiss"]
[EventRounds "5"]
[EventCountry "CAN"]
[SourceTitle "EXT 2016"]
[Source "ChessBase"]
[SourceDate "2015.10.08"]
[SourceVersion "1"]
[SourceVersionDate "2015.10.08"]
[SourceQuality "1"]

1. d4 Nf6 2. c4 c5 3. d5 b5 4. cxb5 a6 5. bxa6 g6 6. Nc3 Bxa6 7. Nf3 d6 8. e4 Bxf1 9. Kxf1 Nbd7 10. g3 Bg7 11. Kg2 0-0 12. Be3 Ng4 13. Bf4 Qa5 14. Qc2 Rfb8 15. Bd2 Qa6 16. Rhb1 Nb6 17. Nd1 Qb7 18. Bc3 Nf6 19. b3 e6 20. dxe6 fxe6 21. e5 Ne4 22. Bb2 Ng5 23. Qe2 Rf8 0-1

[Event "RA Winter op"]
[White "Doubleday, William G"]
[Black "Gelblum, Robert"]
[Site "Ottawa"]
[Round "3"]
[Result "0-1"]
[Date "2015.01.17"]
[WhiteElo "2098"]
[BlackElo "2256"]
[PlyCount "124"]
[EventDate "2015.01.16"]
[EventType "swiss"]
[EventRounds "5"]
[EventCountry "CAN"]
[SourceTitle "EXT 2019"]
[Source "ChessBase"]
[SourceDate "2018.10.10"]
[SourceVersion "1"]
[SourceVersionDate "2018.10.10"]
[SourceQuality "1"]

1. d4 Nf6 2. c4 c5 3. Nf3 cxd4 4. Nxd4 e5 5. Nb5 d5 6. cxd5 Bc5 7. e3 0-0 8. N5c3 e4 9. Be2 Qe7 10. 0-0 a6 11. Qc2 Bf5 12. Nd2 Nbd7 13. a3 Rac8 14. Rd1 b5 15. Nf1 h5 16. Qd2 Bd6 17. b4 Ne5 18. Bb2 h4 19. h3 Qd7 20. Na2 Bxh3 21. Bxe5 Bxe5 22. Rac1 Qf5 23. gxh3 Qxh3 24. Rxc8 Rxc8 25. Rc1 Rd8 26. Nc3 Rd6 27. Qd1 Nh7 28. Nxe4 Rg6+ 29. Neg3 hxg3 30. Bf3 g2 31. Ng3 Bxg3 32. fxg3 Rxg3 33. Be4 Qh1+ 34. Kf2 g1Q+ 35. Qxg1 Rxg1 36. Rc8+ Nf8 37. Bxh1 Rxh1 38. Ke2 Rh6 39. e4 Rd6 40. Ke3 f5 41. Kd4 fxe4 42. Kxe4 Kf7 43. Ke5 Ke7 44. Rxf8 Rxd5+ 45. Kxd5 Kxf8 46. Ke6 Ke8 47. Kf5 Kf7 48. Kg5 g6 49. Kg4 Kf6 50. Kf4 g5+ 51. Kg4 Kg6 52. Kg3 Kf5 53. Kf3 g4+ 54. Kg3 Kg5 55. Kg2 Kf4 56. Kf2 g3+ 57. Kg2 Kg4 58. Kg1 Kf3 59. Kf1 g2+ 60. Kg1 Kg3 61. a4 bxa4 62. b5 a3 0-1

[Event "Ottawa RA November op"]
[White "Adriaanse, Adam"]
[Black "Gelblum, Robert"]
[Site "Ottawa"]
[Round "4"]
[Result "1/2-1/2"]
[Date "2014.11.30"]
[WhiteElo "2172"]
[BlackElo "2251"]
[PlyCount "93"]
[EventDate "2014.11.28"]
[EventType "swiss"]
[EventRounds "5"]
[EventCountry "CAN"]
[SourceTitle "EXT 2022"]
[Source "ChessBase"]
[SourceDate "2021.10.06"]
[SourceVersion "1"]
[SourceVersionDate "2021.10.06"]
[SourceQuality "1"]

1. e4 e5 2. Nf3 Nc6 3. Bb5 a6 4. Ba4 Nf6 5. 0-0 Nxe4 6. Re1 Nc5 7. Bxc6 dxc6 8. Nxe5 Be7 9. b3 Be6 10. Bb2 0-0 11. d4 Nd7 12. Nd2 Nxe5 13. dxe5 Bb4 14. c3 Ba5 15. Qe2 Bb6 16. Rad1 Qh4 17. Nf3 Qh5 18. h3 Qg6 19. Kh1 Rfd8 20. Rxd8+ Rxd8 21. Nd4 Bxd4 22. cxd4 h5 23. Qe4 Bf5 24. Qf4 Re8 25. Re3 Be6 26. Qe4 Qxe4 27. Rxe4 Bf5 28. Re3 Bb1 29. a3 Bf5 30. h4 Be6 31. Kg1 Bd5 32. Kf1 Kh7 33. Rg3 Re6 34. b4 Rg6 35. Rxg6 Kxg6 36. f3 Kf5 37. Kf2 Ba2 38. Ke3 Bb1 39. Bc1 Ke6 40. Kd2 Kd5 41. Kc3 Ba2 42. Bg5 Ke6 43. a4 Bb1 44. a5 Ba2 45. Bd8 Kd7 46. Bg5 Bd5 47. Kd3 1/2-1/2

[Event "Ottawa RA Fall op"]
[White "Collins, Chris"]
[Black "Gelblum, Robert"]
[Site "Ottawa"]
[Round "2"]
[Result "1/2-1/2"]
[Date "2014.09.20"]
[WhiteElo "2114"]
[BlackElo "2226"]
[PlyCount "114"]
[EventDate "2014.09.19"]
[EventType "swiss"]
[EventRounds "5"]
[EventCountry "CAN"]
[SourceTitle "EXT 2022"]
[Source "ChessBase"]
[SourceDate "2021.10.06"]
[SourceVersion "1"]
[SourceVersionDate "2021.10.06"]
[SourceQuality "1"]

1. e4 c5 2. Nf3 d6 3. d4 cxd4 4. Nxd4 Nf6 5. Nc3 g6 6. Be2 Bg7 7. 0-0 0-0 8. Be3 Nc6 9. Nb3 Bd7 10. f4 Rc8 11. Bf3 Qc7 12. Nd5 Nxd5 13. exd5 Na5 14. Nxa5 Qxa5 15. c3 Rc4 16. Re1 Ra4 17. a3 Rc4 18. Qd2 Ba4 19. Bf2 Re8 20. Re4 Rxe4 21. Bxe4 Bb3 22. Re1 b6 23. Bf3 Bc4 24. Bh4 Kf8 25. Kh1 Qc5 26. Bf2 Qc7 27. g4 e5 28. dxe6 fxe6 29. Bg3 e5 30. Bd5 Bxd5+ 31. Qxd5 Qc5 32. Qxc5 bxc5 33. fxe5 Bxe5 34. Rf1+ Kg7 35. Bxe5+ Rxe5 36. Rd1 d5 37. c4 dxc4 38. Rd7+ Kf6 39. Rxa7 Re1+ 40. Kg2 Re2+ 41. Kg3 Rxb2 42. Ra5 Ke5 43. Rxc5+ Kd4 44. Rc7 c3 45. Rd7+ Ke3 46. Rxh7 c2 47. Rc7 Kd2 48. Kf4 Rb3 49. Rxc2+ Kxc2 50. Kg5 Rxa3 51. Kxg6 Rh3 52. g5 Kd3 53. Kf6 Ke4 54. g6 Rxh2 55. g7 Rg2 56. Kf7 Rf2+ 57. Kg6 Rg2+ 1/2-1/2

[Event "Ottawa RA Fall op"]
[White "Gelblum, Robert"]
[Black "Kirby, Patrick"]
[Site "Ottawa"]
[Round "4"]
[Result "1-0"]
[Date "2014.09.20"]
[WhiteElo "2226"]
[BlackElo "2214"]
[PlyCount "95"]
[EventDate "2014.09.19"]
[EventType "swiss"]
[EventRounds "5"]
[EventCountry "CAN"]
[SourceTitle "EXT 2022"]
[Source "ChessBase"]
[SourceDate "2021.10.06"]
[SourceVersion "1"]
[SourceVersionDate "2021.10.06"]
[SourceQuality "1"]

1. e4 e5 2. Nf3 Nc6 3. Bb5 a6 4. Ba4 Nf6 5. 0-0 Be7 6. Re1 b5 7. Bb3 0-0 8. a4 b4 9. d3 d6 10. c3 Rb8 11. Nbd2 Na5 12. Ba2 c5 13. Nc4 Nxc4 14. Bxc4 Qc7 15. h3 bxc3 16. bxc3 Bb7 17. Bd2 Kh8 18. Bb3 Nd7 19. g4 Nf6 20. Kh1 d5 21. exd5 Nxd5 22. Kg1 Bd6 23. Ng5 Nf6 24. Ne4 Nxe4 25. dxe4 c4 26. Bc2 Bc5 27. Be3 Bxe3 28. Rxe3 Rfd8 29. Qe1 Rd6 30. Rd1 Rbd8 31. Rxd6 Qxd6 32. Qb1 Ba8 33. Re1 Rb8 34. Qc1 Qg6 35. Qe3 h5 36. f3 Rb2 37. Re2 Bc6 38. Rd2 Kh7 39. Qe2 Qe6 40. Qd1 Qe7 41. Kg2 Qc5 42. Qe1 Qa3 43. Qh4 g6 44. Qf6 Qxc3 45. Qxf7+ Kh6 46. Qf8+ Kh7 47. Qe7+ Kh6 48. g5# 1-0

[Event "Ottawa RA Fall op"]
[White "Gelblum, Robert"]
[Black "Vettese, Nicholas"]
[Site "Ottawa"]
[Round "3"]
[Result "1/2-1/2"]
[Date "2014.09.20"]
[WhiteElo "2226"]
[BlackElo "1961"]
[PlyCount "69"]
[EventDate "2014.09.19"]
[EventType "swiss"]
[EventRounds "5"]
[EventCountry "CAN"]
[SourceTitle "EXT 2022"]
[Source "ChessBase"]
[SourceDate "2021.10.06"]
[SourceVersion "1"]
[SourceVersionDate "2021.10.06"]
[SourceQuality "1"]

1. e4 c5 2. Nf3 d6 3. Bb5+ Bd7 4. Bxd7+ Qxd7 5. 0-0 Nc6 6. Qe2 Nf6 7. Rd1 Rc8 8. h3 a6 9. b3 g6 10. Bb2 Bg7 11. d3 0-0 12. Nbd2 Rfd8 13. Nc4 Qc7 14. e5 dxe5 15. Ncxe5 Nxe5 16. Bxe5 Qc6 17. Bb2 Nd5 18. Bxg7 Kxg7 19. Re1 Nf6 20. Qe5 Rd5 21. Qc3 Qc7 22. Re2 Re8 23. Rae1 Qd7 24. Re5 Rxe5 25. Rxe5 b6 26. g4 a5 27. d4 cxd4 28. Qxd4 Qxd4 29. Nxd4 Rd8 30. c3 e6 31. Kf1 Nd5 32. Nb5 Nf4 33. Nd4 Nd5 34. Nb5 Nf4 35. Nd4 1/2-1/2

[Event "Eastern Ontario op"]
[White "Gelblum, Robert"]
[Black "Doubleday, William G"]
[Site "Ottawa"]
[Round "3"]
[Result "0-1"]
[Date "2014.06.21"]
[WhiteElo "2243"]
[BlackElo "2208"]
[PlyCount "136"]
[EventDate "2014.06.20"]
[EventType "swiss"]
[EventRounds "5"]
[EventCountry "CAN"]
[SourceTitle "EXT 2015"]
[Source "ChessBase"]
[SourceDate "2014.11.20"]
[SourceVersion "1"]
[SourceVersionDate "2014.11.20"]
[SourceQuality "1"]

1. e4 c5 2. Nf3 Nc6 3. Bb5 d6 4. c3 Qc7 5. 0-0 a6 6. Ba4 Nf6 7. Qe2 b5 8. Bc2 e5 9. d3 Be7 10. h3 0-0 11. Rd1 h6 12. Nbd2 Re8 13. Nf1 Bf8 14. Ng3 g6 15. Nh2 Bg7 16. Rf1 d5 17. Bd2 Be6 18. f3 c4 19. Ng4 cxd3 20. Bxd3 Nxg4 21. hxg4 d4 22. a4 Rab8 23. axb5 axb5 24. Rfc1 Qb6 25. Kf1 Na5 26. Rd1 Nb3 27. Rab1 Nc5 28. b3 Bxb3 29. Rxb3 Nxb3 30. Rb1 Nxd2+ 31. Qxd2 dxc3 32. Qxc3 b4 33. Qb3 Qe3 34. Ne2 Bf8 35. Bc4 Qxb3 36. Bxb3 Ra8 37. Ke1 Ra7 38. Bd5 Rc8 39. Kd2 Bc5 40. Kd3 Rcc7 41. Bc4 Kg7 42. Bd5 Ra3+ 43. Rb3 Rxb3+ 44. Bxb3 Be7 45. Bd5 Bg5 46. Bb3 h5 47. gxh5 gxh5 48. Bc4 h4 49. Bb3 Be7 50. Bd5 Ra7 51. Bc4 Ra3+ 52. Kc2 Bc5 53. Bb3 Bd4 54. Bc4 Bf2 55. Bb3 Kf6 56. Bd5 Rxf3 57. Bc4 Ra3 58. Bb3 Kg6 59. Kb2 f5 60. exf5+ Kxf5 61. Bc2+ e4 62. Bb3 Ke5 63. Bc4 Bd4+ 64. Kc2 Ra7 65. Kb3 Bc5 66. Nc1 Rg7 67. Bf1 h3 68. gxh3 Rg1 0-1

[Event "Ottawa RA Fall op"]
[White "Zhou, Qiyu"]
[Black "Gelblum, Robert"]
[Site "Ottawa"]
[Round "3"]
[Result "1-0"]
[Date "2013.09.14"]
[WhiteElo "2102"]
[BlackElo "2245"]
[PlyCount "67"]
[EventDate "2013.09.13"]
[EventType "swiss"]
[EventRounds "5"]
[EventCountry "CAN"]
[SourceTitle "EXT 2022"]
[Source "ChessBase"]
[SourceDate "2021.10.06"]
[SourceVersion "1"]
[SourceVersionDate "2021.10.06"]
[SourceQuality "1"]

1. e4 e5 2. Nf3 Nf6 3. Nxe5 d6 4. Nf3 Nxe4 5. d4 d5 6. Bd3 Bd6 7. 0-0 0-0 8. c4 c6 9. Re1 Re8 10. Qc2 f5 11. Nc3 Na6 12. a3 Nc7 13. c5 Be7 14. Bf4 Ne6 15. Be5 Bf6 16. Ne2 Bxe5 17. Nxe5 N6xc5 18. Nxc6 bxc6 19. dxc5 Qh4 20. Nd4 Bd7 21. Re2 Qf6 22. Rd1 g6 23. Ba6 Rab8 24. b4 Ng5 25. Red2 f4 26. f3 Re3 27. b5 Rbe8 28. bxc6 Bxc6 29. Nxc6 Qxc6 30. Bf1 Rxa3 31. Rxd5 Qe6 32. Rxg5 Qe3+ 33. Qf2 Ra2 34. Bc4+ 1-0

[Event "Ottawa National Capital op"]
[White "Gelblum, Robert"]
[Black "Martin, Spencer"]
[Site "Ottawa"]
[Round "5"]
[Result "1-0"]
[Date "2012.10.21"]
[WhiteElo "2233"]
[BlackElo "1926"]
[PlyCount "67"]
[EventDate "2012.10.19"]
[EventType "swiss"]
[EventRounds "5"]
[EventCountry "CAN"]
[SourceTitle "EXT 2022"]
[Source "ChessBase"]
[SourceDate "2021.10.06"]
[SourceVersion "1"]
[SourceVersionDate "2021.10.06"]
[SourceQuality "1"]

1. Nf3 Nf6 2. g3 g6 3. Bg2 Bg7 4. 0-0 0-0 5. c4 c6 6. d4 d6 7. Nc3 Nbd7 8. e4 e5 9. h3 Re8 10. Re1 h6 11. Rb1 a5 12. a3 Qc7 13. Be3 Nf8 14. Qd2 Kh7 15. b4 axb4 16. axb4 Bd7 17. d5 Nh5 18. Red1 f5 19. dxc6 bxc6 20. Qxd6 Qxd6 21. Rxd6 f4 22. gxf4 Ra3 23. Ne2 exf4 24. Nxf4 Nxf4 25. Bxf4 Bxh3 26. Rxc6 Bxg2 27. Kxg2 Rxe4 28. Bg3 Ra4 29. b5 Rexc4 30. Rxc4 Rxc4 31. b6 Nd7 32. b7 Rg4 33. Rd1 Nb8 34. Rd8 1-0

[Event "Ottawa National Capital op"]
[White "Gelblum, Robert"]
[Black "Pacey, Kevin"]
[Site "Ottawa"]
[Round "3"]
[Result "1/2-1/2"]
[Date "2012.10.20"]
[WhiteElo "2233"]
[BlackElo "2234"]
[PlyCount "84"]
[EventDate "2012.10.19"]
[EventType "swiss"]
[EventRounds "5"]
[EventCountry "CAN"]
[SourceTitle "EXT 2022"]
[Source "ChessBase"]
[SourceDate "2021.10.06"]
[SourceVersion "1"]
[SourceVersionDate "2021.10.06"]
[SourceQuality "1"]

1. Nf3 b6 2. e4 Bb7 3. Nc3 g6 4. d4 Bg7 5. Bg5 d6 6. Qd2 h6 7. Bh4 g5 8. Bg3 Nf6 9. Bd3 Nh5 10. 0-0-0 e6 11. h4 Nxg3 12. fxg3 g4 13. Ng1 Nd7 14. Nge2 h5 15. Kb1 Qe7 16. Rhf1 0-0-0 17. a4 a5 18. Nb5 Kb8 19. c3 f5 20. exf5 Bxg2 21. Rf2 Bf3 22. Re1 Bh6 23. Nf4 e5 24. Qc2 Bxf4 25. gxf4 e4 26. Rxe4 Bxe4 27. Bxe4 Nf6 28. Bc6 Qe1+ 29. Ka2 Rhe8 30. Na3 d5 31. Qd3 Rd6 32. Bxe8 Qxf2 33. Bf7 Kb7 34. Nb5 Rc6 35. c4 dxc4 36. Bxc4 Qxf4 37. Be6 Rc1 38. Nc3 Qf1 39. Qe3 Re1 40. Qh6 Rxe6 41. fxe6 Qc4+ 42. b3 Qxc3 1/2-1/2

[Event "Ottawa Reserves"]
[White "Hum, Peter"]
[Black "Gelblum, Robert"]
[Site "Ottawa"]
[Round "6"]
[Result "1-0"]
[Date "2002.11.17"]
[WhiteElo "2234"]
[BlackElo "2201"]
[PlyCount "97"]
[EventDate "2002.10.06"]
[EventType "tourn"]
[EventRounds "6"]
[EventCountry "CAN"]
[SourceTitle "EXT 2022"]
[Source "ChessBase"]
[SourceDate "2021.10.06"]
[SourceVersion "1"]
[SourceVersionDate "2021.10.06"]
[SourceQuality "1"]

1. d4 Nf6 2. c4 g6 3. f3 c5 4. d5 d6 5. e4 Bg7 6. Nc3 0-0 7. Nge2 e6 8. Ng3 exd5 9. cxd5 a6 10. a4 Nbd7 11. Be2 Qc7 12. 0-0 Rb8 13. Be3 h5 14. Qd2 c4 15. Rfc1 Ne5 16. h3 b5 17. axb5 axb5 18. b4 Qe7 19. Ra5 Bd7 20. Bg5 Rfc8 21. Nh1 Qe8 22. Nf2 Nh7 23. Bh6 Bh8 24. Kh1 Qe7 25. Be3 Qh4 26. Kg1 Qf6 27. Ra3 Be8 28. f4 Nd7 29. Rd1 Qe7 30. Bd4 Ndf6 31. Bf3 Bd7 32. Ra7 Qd8 33. Re1 Ra8 34. Rxa8 Rxa8 35. e5 Ne8 36. e6 Bxd4 37. Qxd4 Qe7 38. f5 Nef6 39. Nfe4 gxf5 40. Ng3 fxe6 41. dxe6 Ra3 42. Nxf5 Qe8 43. Nxd6 Qe7 44. Nf5 Qe8 45. Nd5 Qf8 46. exd7 Rd3 47. Nde7+ Kf7 48. Qe5 Qd8 49. Qe6+ 1-0

[Event "Ottawa Reserves"]
[White "Predescu, Sebastian"]
[Black "Gelblum, Robert"]
[Site "Ottawa"]
[Round "2"]
[Result "1-0"]
[Date "2002.10.13"]
[WhiteElo "2207"]
[BlackElo "2201"]
[PlyCount "93"]
[EventDate "2002.10.06"]
[EventType "tourn"]
[EventRounds "6"]
[EventCountry "CAN"]
[SourceTitle "EXT 2022"]
[Source "ChessBase"]
[SourceDate "2021.10.06"]
[SourceVersion "1"]
[SourceVersionDate "2021.10.06"]
[SourceQuality "1"]

1. d4 e6 2. Nf3 b6 3. Bf4 Bb7 4. Nbd2 f5 5. e3 Nf6 6. Bd3 Be7 7. h3 0-0 8. 0-0 Ne4 9. Bh2 d6 10. c3 Nd7 11. Qb3 d5 12. c4 Kh8 13. Rac1 c5 14. Bxe4 fxe4 15. Ne5 Nxe5 16. Bxe5 Rc8 17. dxc5 Bxc5 18. Qc3 Qg5 19. Bf4 Qg6 20. b4 Be7 21. Qb2 Bf6 22. Be5 Bxe5 23. Qxe5 Rf5 24. Qd6 h6 25. c5 bxc5 26. Rxc5 Rcf8 27. Nb3 R8f7 28. Rc7 Rxc7 29. Qxc7 Ba6 30. b5 Bxb5 31. Qb8+ Be8 32. Rc1 Rf8 33. Rc8 Qf7 34. Kh2 Kg8 35. Nd4 a6 36. Qd6 Qxf2 37. Nxe6 Qf6 38. Qxf8+ Qxf8 39. Nxf8 Kxf8 40. Ra8 Ke7 41. Rxa6 Bb5 42. Ra7+ Kf6 43. a4 Bc4 44. Kg3 g5 45. a5 Ke5 46. a6 Kd6 47. Rh7 1-0

[Event "Masson op"]
[White "Gelblum, Robert"]
[Black "Tomalty, Alan"]
[Site "Masson"]
[Round "?"]
[Result "1/2-1/2"]
[Date "1993.??.??"]
[WhiteElo "2213"]
[BlackElo "1951"]
[PlyCount "72"]
[EventDate "1993.04.17"]
[EventType "swiss"]
[EventRounds "5"]
[EventCountry "CAN"]
[SourceTitle "EXT 2022"]
[Source "ChessBase"]
[SourceDate "2021.10.06"]
[SourceVersion "1"]
[SourceVersionDate "2021.10.06"]
[SourceQuality "1"]

1. Nf3 d6 2. d4 g6 3. e4 Bg7 4. Nc3 Nc6 5. d5 Ne5 6. Be2 Nf6 7. Nxe5 dxe5 8. 0-0 0-0 9. f4 exf4 10. Bxf4 Nd7 11. Qd2 Re8 12. Bh6 Bh8 13. Rf2 Ne5 14. Raf1 a6 15. a4 Qd6 16. Nd1 Bg4 17. Kh1 Bxe2 18. Qxe2 Qb4 19. b3 b5 20. Nb2 bxa4 21. Nd3 Nxd3 22. Qxd3 f6 23. e5 fxe5 24. Qxa6 e6 25. Qc6 Qd6 26. Qxd6 cxd6 27. dxe6 Bg7 28. Bxg7 Kxg7 29. Rf7+ Kh6 30. bxa4 Rxa4 31. e7 Ra7 32. R7f6 Raxe7 33. Rxd6 e4 34. g3 e3 35. Re1 Rc7 36. Re2 Rxc2 1/2-1/2